| 000 | 01219nas a2200313 4500 | ||
|---|---|---|---|
| 001 | BR2011004711 | ||
| 003 | BR-BrBNA | ||
| 005 | 20231205115538.0 | ||
| 007 | ta | ||
| 008 | 230509b bl.|||p| |||| 00| 00por d | ||
| 040 |
_aBR-BrBNA _bpor _cBiblioteca Nacional de Agricultura |
||
| 041 | _a(En, Pt) | ||
| 072 | _aP01 | ||
| 100 | 1 | _aWhiteman, C.W. | |
| 100 | 1 | _aPalha, M. das D.C. | |
| 100 | 1 | _aMatushima, E.R. | |
| 100 | 1 | _aSilva, A. do S.L. da | |
| 100 | 1 | _aMonteiro, V.C. | |
| 245 | 1 | _aInterface entre carnívoros domésticos e silvestres em área de proteção ambiental na amazônia brasileira: indicadores e implicações para conservação | |
| 246 | 1 | _aInterface between domestic and wild carnivores in an environmental protection area in the brazilian Amazon: indicators and aplications for conservation | |
| 650 | _aPRESERVAÇÃO DA NATUREZA | ||
| 650 | _aPROTEÇÃO AMBIENTAL | ||
| 650 | _aANIMAL DOMÉSTICO | ||
| 650 | _aANIMAL SELVAGEM | ||
| 650 | _aTRANSMISSÃO DE DOENÇA | ||
| 773 | 0 |
_tRevista Brasileira de Conservação da Natureza (Brazil) _xISSN 1679-0073 _g(Apr 2008), v. 6(1) p. 56-64, 174-182 _wBR2011004711 |
|
| 909 |
_a202311 _bLúcia _c55 _dLúcia Elande |
||
| 942 |
_2AGRIS _n0 _cANA |
||
| 999 |
_c214364 _d214364 |
||